01255nam a2200265 a 450000100100000000500170001000800410002702000150006804000250008308200260010810000260013424500570016025000120021726000360022930000210026550000700028659000260035665000270038265000310040995201390044095201390057995201240071895201300084299900170097200001271420240530073915.0091116s2006 dr 000 f spa d a9945160257 aDO-SdBNPbspacBNPHU aRD863.44bR466b, 20061 aReynoso, Menoscal94113aLa barca del silencio :bnovela /cMenoscal Reynoso. a2a. ed. aSanto Domingo :bBúho,c2006. a207 p. ;c22 cm. aIncluye datos biográficos del autor en la solapa de la cubierta aInventariado, 2019/VM 0aNovela dominicana9223 0aLiteratura dominicana.967 001054708DSaGRbGRcHDd2009-11-16iLF1l0oRD863.44 R466b, 2006p12714-30r2020-06-25te. 3w2020-06-25yLFDSZPréstamo en sala 001054708DSaGRbGRcHDd2013-09-09iLF1l0oRD863.44 R466b, 2006p12714-60r2020-06-25te. 4w2020-06-25yLFDSZPréstamo en sala 0010718PDaPDbPDcHDd2009-11-16iLF1l0oRD863.44 R466b, 2006p12714-10r2020-06-25w2020-06-25yLFPDZNo se presta 0010718PDaPDbPDcHDd2009-11-16iLF1l0oRD863.44 R466b, 2006p12714-20r2020-06-25te. 2w2020-06-25yLFPDZNo se presta c12365d12365